Loading...
| History - World | 0 | 5 | 0 | 1 | 50 | 40 | 67.80 | 0 | 5 | 0.00 | 0.00 |
| History - European | 0 | 4 | 0 | 0 | 40 | 35 | 66.00 | 1 | 4 | 0.00 | 0.00 |
| History - American | 0 | 4 | 0 | 2 | 40 | 44 | 75.50 | 1 | 3 | 0.00 | 0.00 |
| Fine Arts - Other | 0 | 3 | 0 | 0 | 30 | 37 | 69.67 | 1 | 3 | 0.00 | 0.00 |
| Geography | 0 | 2 | 0 | 0 | 20 | 87 | 96.00 | 0 | 2 | 0.00 | 0.00 |
| Mythology | 0 | 2 | 0 | 0 | 20 | 50 | 63.00 | 1 | 2 | 0.00 | 0.00 |
| Fine Arts - Painting and Sculpture | 0 | 2 | 1 | 0 | 15 | 72 | 78.00 | 2 | 2 | 0.00 | 0.00 |
| Philosophy | 0 | 2 | 1 | 1 | 15 | 80 | 92.50 | 1 | 1 | 0.00 | 0.00 |
| Science - Biology | 0 | 1 | 0 | 0 | 10 | 50 | 50.00 | 0 | 1 | 0.00 | 0.00 |
| History - Other | 0 | 1 | 0 | 1 | 10 | 110 | 110.00 | 0 | 1 | 0.00 | 0.00 |
| Literature - British | 0 | 1 | 0 | 0 | 10 | 96 | 96.00 | 0 | 1 | 0.00 | 0.00 |
| Literature - European | 0 | 1 | 0 | 0 | 10 | 95 | 95.00 | 0 | 0 | 0.00 | 0.00 |
| Literature - World | 0 | 1 | 0 | 0 | 10 | 85 | 85.00 | 0 | 1 | 0.00 | 0.00 |
| Religion | 0 | 2 | 2 | 0 | 10 | 63 | 78.00 | 0 | 1 | 0.00 | 0.00 |